riverdale quiz - Statistics

General Stats
  • This quiz has been taken 250 times
  • The average score is 9 of 15
Answer Stats
Hint Answer % Correct
tony's girlfriend Cheryl blossom
93%
Betty's sister polly
86%
what colour is Cheryl's jacket red
84%
new girl in town Veronica lodge
82%
south side's dog hotdog
73%
north... side
72%
first murder jason blossom
69%
season 2 killer hal cooper
68%
riverdale sinner black hood
65%
shot twice fred andrews
58%
other side southside
54%
old mayor mayor McCoy
43%
youngest serpent Joaquin
34%
south side's rivals goulies
12%
drug jinge jangle
4%
No matching quizzes found
Score Distribution
Percent of People with Each Score
Percentile by Number Answered
Your Score History
You have not taken this quiz